000 00328cam a22001097a 4500
008 180718b xxu||||| |||| 00| 0 eng d
082 _aW17x54
245 _aFactual review of accidents on Indian goveronment railways
_cby Ministry of Railways
260 _a
_bMinistry of Railways
_c
300 _a31+p.
700 _aMinistry of Railways
999 _c498563
_d498563